| 000 -LEADER |
| fixed length control field |
00674cam a22001817a 4500 |
| 040 ## - CATALOGING SOURCE |
| Transcribing agency |
DDB |
| 082 00 - DEWEY DECIMAL CLASSIFICATION NUMBER |
| Classification number |
796 COL 2008 A088 Or. |
| 245 00 - TITLE STATEMENT |
| Title |
2008 Colorado Statewide Comprehensive Outdoor Recreation Plan / |
| 246 1# - VARYING FORM OF TITLE |
| Title proper/short title |
Colorado SCORP Statewide Comprehensive Outdoor Recreation Plan |
| 246 14 - VARYING FORM OF TITLE |
| Title proper/short title |
Statewide Comprehensive Outdoor Recreation Plan 2008 |
| 246 14 - VARYING FORM OF TITLE |
| Title proper/short title |
Colorado's outdoor recreation future, strategies for sustaining Colorado's outdoors heritage |
| 260 ## - PUBLICATION, DISTRIBUTION, ETC. (IMPRINT) |
| Place of publication |
Denver, CO : |
| Name of publisher |
Colorado State Parks, |
| Year of publication |
2008. |
| 300 ## - PHYSICAL DESCRIPTION |
| Number of Pages |
vii, 307 p. : |
| Other physical details |
ill., maps ; |
| Dimensions |
28 cm. |
| 650 #0 - SUBJECT ADDED ENTRY--TOPICAL TERM |
| Topical Term |
Outdoor recreation |
| 650 #0 - SUBJECT ADDED ENTRY--TOPICAL TERM |
| Topical Term |
Recreation areas |
| 710 1# - ADDED ENTRY--CORPORATE NAME |
| Corporate name or jurisdiction name as entry element |
Colorado. |
| 942 ## - ADDED ENTRY ELEMENTS (KOHA) |
| Koha item type |
សៀវភៅភាសាអង់គ្លេស |
| 952 ## - LOCATION AND ITEM INFORMATION (KOHA) |
| Withdrawn status [LOCAL, KOHA] |
0 |